[Event "AUTO-OPEN-1956"]
[Site "http://www.queenalice.com/game.php?id=765581"]
[Date "2010.4.24"]
[Round "1"]
[White "Gansothedark"]
[Black "rocha"]
[Result "0-1"]
[WhiteElo "1477"]
[BlackElo "1520"]

1. e4 e5 2. Nf3 d6 3. Bc4 c6 4. d4 b5 5. Bb3 h6 6. Nc3 Nd7 7. dxe5 Nxe5 8. Nxe5
dxe5 9. Qf3 Nf6 10. Be3 Bb4 11. a3 Bg4 12. Qg3 Ba5 13. Qxe5+ Kf8 14. Bc5+ Kg8
15. O-O Bc7 16. Qd4 Qxd4 17. Bxd4 Be6 18. Bxe6 fxe6 19. e5 Nd7 20. f4 Bb6 21.
Bxb6 Nxb6 22. Ne4 Kh7 23. f5 Nd5 24. fxe6 Rae8 25. Nc5 Ne3 26. Rf2 Nc4 0-1

[Event "AUTO-OPEN-1956"]
[Site "http://www.queenalice.com/game.php?id=765598"]
[Date "2010.4.24"]
[Round "1"]
[White "Lopesq"]
[Black "Gansothedark"]
[Result "1-0"]
[WhiteElo "1789"]
[BlackElo "1366"]

1. Nf3 d5 2. d4 Nf6 3. c3 e6 4. Bf4 Be7 5. Nbd2 O-O 6. e3 Nc6 7. Ne5 Nxe5 8.
dxe5 Nd7 9. Nf3 h6 10. h3 b6 11. Bd3 Bb7 12. Qb1 Nc5 13. Bh7+ Kh8 14. Bc2 f6 15.
O-O Rf7 16. Bg6 Rf8 17. Bc2 fxe5 18. Nxe5 Kg8 19. Ng6 Rf6 20. Nxe7+ Qxe7 21.
Bh7+ Kf8 22. Bc2 e5 23. Bg3 Kg8 24. Bh7+ Kh8 25. Bc2 Raf8 26. b4 Nd7 27. a4 c6
28. a5 b5 29. f3 e4 30. f4 Rg6 31. Bh2 c5 32. a6 Bc6 33. Bd1 cxb4 34. Bh5 Rgf6
35. cxb4 Rf5 36. Bg4 R5f6 37. Bg3 Qd6 38. Bh2 d4 39. Rd1 d3 40. f5 Ne5 41. Bxe5
Qxe5 42. Rf1 Qg3 43. Qe1 Qxe1 44. Raxe1 Rd6 45. Rd1 1-0

[Event "AUTO-OPEN-1956"]
[Site "http://www.queenalice.com/game.php?id=765599"]
[Date "2010.4.24"]
[Round "1"]
[White "Gansothedark"]
[Black "Lopesq"]
[Result "0-1"]
[WhiteElo "1364"]
[BlackElo "1791"]

1. e4 d5 2. e5 e6 3. d4 c6 4. Nf3 Be7 5. Nc3 Nd7 6. Bd2 c5 7. Bb5 c4 8. Ng5 Bxg5
9. O-O Bxd2 10. Qxd2 Ne7 11. f4 Nf5 12. Na4 O-O 13. Nc3 a6 14. Bxd7 Bxd7 15. Rf2
b5 16. b4 Qe7 17. Raf1 Qxb4 18. g4 Nh4 19. g5 Qe7 20. Qe3 Nf5 21. Qd2 b4 22. Nb1
c3 23. Qd3 Bb5 24. Qh3 Bxf1 25. Rxf1 a5 26. Rf2 Nxd4 27. Nd2 cxd2 28. Rxd2 Nf5
29. Rg2 Rac8 30. Qh5 g6 31. Qg4 Ne3 32. Qh3 Nf5 33. Rg4 Rxc2 34. Qd3 Rxa2 35.
Qb5 Ne3 36. Rg3 Ra1+ 37. Kf2 Nf5 38. Rh3 Ra2+ 39. Kf3 Nd4+ 40. Ke3 Nxb5 41. Rf3
Ra3+ 42. Kf2 Rxf3+ 0-1

[Event "AUTO-INT-1682"]
[Site "http://www.queenalice.com/game.php?id=766045"]
[Date "2010.4.25"]
[Round "1"]
[White "Gansothedark"]
[Black "geraldo"]
[Result "0-1"]
[WhiteElo "1358"]
[BlackElo "1579"]

1. e4 e5 2. Nf3 Nc6 3. Bc4 Nf6 4. Nc3 Bc5 5. Ng5 d5 6. d3 Ng4 7. O-O Nxf2 8.
Rxf2 Bxf2+ 9. Kxf2 dxc4 10. dxc4 Nd4 11. Be3 c5 12. Qf3 Nxf3 13. gxf3 Qf6 14.
Rg1 h6 15. Nh3 Bxh3 16. Rg3 Qh4 17. Ne2 f5 18. exf5 O-O-O 19. Bxc5 Qxc4 0-1

[Event "AUTO-INT-1682"]
[Site "http://www.queenalice.com/game.php?id=766047"]
[Date "2010.4.25"]
[Round "1"]
[White "Gansothedark"]
[Black "alechess"]
[Result "0-1"]
[WhiteElo "1362"]
[BlackElo "1950"]

1. e4 c5 2. d4 cxd4 3. Qxd4 Nc6 4. Qe3 d6 5. Nf3 Nf6 6. Bd3 g6 7. O-O Bg7 8. Nc3
O-O 9. Bd2 Ng4 10. Qe2 Nge5 11. Nxe5 Nxe5 12. f4 Bg4 13. Qe3 Nxd3 14. Qxd3 Rc8
15. h3 Be6 16. f5 Bc4 17. Qg3 Bxf1 18. Rxf1 Qb6+ 19. Qf2 Bd4 20. Qxd4 Qxd4+ 21.
Rf2 a6 22. Kf1 b5 23. b3 Rxc3 24. Bxc3 Qxc3 25. Kg1 Qa1+ 26. Kh2 Qxa2 27. fxg6
fxg6 28. g4 Rxf2+ 0-1

[Event "AUTO-INT-1682"]
[Site "http://www.queenalice.com/game.php?id=766048"]
[Date "2010.4.25"]
[Round "1"]
[White "alechess"]
[Black "Gansothedark"]
[Result "1-0"]
[WhiteElo "1952"]
[BlackElo "1360"]

1. e4 e5 2. Nf3 d6 3. d4 Nd7 4. dxe5 dxe5 5. Bc4 h6 6. O-O Qe7 7. Nc3 Ngf6 8. h3
Qc5 9. Qe2 Nb6 10. Bb5+ Bd7 11. Be3 Qd6 12. Rad1 Qb4 13. Bxd7+ Nbxd7 14. Qb5
Qxb5 15. Nxb5 Rc8 16. Nxa7 Ra8 17. Nb5 Kd8 18. Nxe5 c6 19. Nxf7+ Kc8 20. Nxh8
Ra5 21. Nd6+ Bxd6 22. Rxd6 Kc7 23. Bf4 Kc8 24. Nf7 Nxe4 25. Re6 Nef6 26. a3 Rf5
27. Nd6+ Kd8 28. Nxf5 c5 29. Rd1 1-0

[Event "AUTO-INT-1682"]
[Site "http://www.queenalice.com/game.php?id=766049"]
[Date "2010.4.25"]
[Round "1"]
[White "Gansothedark"]
[Black "Markan"]
[Result "0-1"]
[WhiteElo "1492"]
[BlackElo "1573"]

1. e4 e5 2. Nf3 d6 3. Bc4 Nf6 4. Nc3 Bg4 5. Nxe5 Bxd1 6. Bxf7+ Ke7 7. Kxd1 dxe5
8. Nd5+ Kxf7 9. Nxf6 Qxf6 10. d3 Qxf2 11. Bd2 Qxg2 12. Re1 Qxh2 13. c3 Be7 14.
Kc2 Bg5 15. Rad1 Bxd2 16. Rf1+ Ke6 17. Rxd2 Qh3 18. d4 exd4 19. Rxd4 Qg2+ 20.
Kb3 Qxf1 21. a4 Nc6 22. c4 Nxd4+ 23. Kb4 Nc2+ 24. Kc3 Ne3 25. Kb3 Qxc4+ 26. Ka3
Rad8 27. b3 Qc3 28. Ka2 Rd2+ 29. Ka3 Nc4# 0-1

[Event "AUTO-INT-1682"]
[Site "http://www.queenalice.com/game.php?id=766050"]
[Date "2010.4.25"]
[Round "1"]
[White "Markan"]
[Black "Gansothedark"]
[Result "1-0"]
[WhiteElo "1672"]
[BlackElo "1370"]

1. e4 e5 2. Nf3 Nc6 3. d3 Bc5 4. Qe2 d5 5. exd5 Qxd5 6. Nc3 Nf6 7. Nxd5 Nxd5 8.
Nxe5 O-O 9. Nxc6 bxc6 10. g3 f5 11. Qd2 f4 12. g4 Bxg4 13. d4 Rfe8+ 14. Be2
Rxe2+ 15. Qxe2 Bxe2 16. Kxe2 Bxd4 17. c4 Nf6 18. Bxf4 Bxb2 19. Rab1 Bd4 20. Bxc7
Re8+ 21. Kf3 Rf8 22. Kg2 Ng4 23. f3 Nf2 24. Rhf1 Nd3 25. Rbd1 Rf7 26. Rxd3 Bc5
27. Rd8+ Bf8 28. Bd6 Rf6 29. Bxf8 Rxf8 30. Rxf8+ Kxf8 31. Re1 a5 32. Re6 c5 33.
Re5 a4 34. Rxc5 Kf7 35. Ra5 Kf6 36. Rxa4 g5 37. c5 h5 38. Rd4 1-0